Equipos de la Liga 24/25 - Estadísticas

Estadísticas generales
  • Esta prueba ha sido intentada 108 veces
  • La puntuación promedio es 18 de 20
Estadísticas de respuestas
Hint Respuesta % Correcto
3 Atletico de Madrid
99%
4 Barcelona
99%
14 Betis
98%
15 Real Madrid
98%
8 Girona
97%
18 Sevilla
97%
2 Athletic
95%
19 Valencia
95%
1 Alaves
92%
9 Las Palmas
92%
7 Getafe
91%
12 Osasuna
90%
5 Celta de Vigo
88%
16 Real Sociedad
88%
20 Villareal
88%
10 Leganes
87%
11 Mallorca
87%
17 Valladolid
87%
13 Rayo Vallecano
86%
6 Espanyol
85%
No se encontraron pruebas coincidentes
Distribución de puntuación
Porcentaje de gente con cada puntuación
Porcentaje por número respondido
Historial de tus puntuaciones
No has intentado esta prueba.